[Event "SR 3. liga A2 2013/2014"]
[Site "?"]
[Date "2013.11.10"]
[Round "3.1"]
[White "Rusnacik, Milan"]
[Black "Diviak, Rudolf"]
[Result "0-1"]
[WhiteElo "1319"]
[BlackElo "1797"]
[PlyCount "68"]
[EventDate "2013.??.??"]

1. d4 Nf6 2. c4 d6 3. Nc3 g6 4. e4 Bg7 5. f3 O-O 6. Bd3 Nbd7 7. Nge2 e5 8. d5
Ne8 9. Be3 f5 10. g3 b6 11. Qd2 Nc5 12. Bc2 fxe4 13. fxe4 Bh3 14. O-O-O Nf6 15.
Bg5 Qc8 16. Kb1 Bg2 17. Rhg1 Bxe4 18. Bxf6 Bxc2+ 19. Qxc2 Rxf6 20. Ne4 Nxe4 21.
Qxe4 Qf5 22. Nc3 Raf8 23. Qxf5 Rxf5 24. Nb5 R8f7 25. Nxa7 Rf2 26. h4 e4 27. Kc1
Rxb2 28. Rd2 Rf2 29. Rxb2 Bxb2+ 30. Kb1 Bd4 31. Rd1 Bc5 32. Nb5 e3 33. Nc3 e2
34. Re1 Rf1 0-1

[Event "SR 3. liga A2 2013/2014"]
[Site "?"]
[Date "2013.11.10"]
[Round "3.2"]
[White "Skreno, Vladimir"]
[Black "Sekera, Branislav"]
[Result "1/2-1/2"]
[WhiteElo "2195"]
[BlackElo "2171"]
[PlyCount "118"]
[EventDate "2013.??.??"]

1. d4 d5 2. c4 e6 3. Nf3 Nf6 4. Bg5 Be7 5. Nc3 O-O 6. e3 c6 7. Bd3 Nbd7 8. Qc2
dxc4 9. Bxc4 Nd5 10. Bxe7 Qxe7 11. O-O Kh8 12. e4 Nf4 13. Ne2 Ng6 14. Bd3 c5
15. e5 b6 16. Bxg6 fxg6 17. dxc5 Nxc5 18. b4 Na6 19. a3 Bb7 20. Ned4 Rac8 21.
Qe2 Nc7 22. Rac1 Nd5 23. Qd2 Rcd8 24. Nc6 Qf7 25. b5 Nf4 26. Nfd4 h6 27. Rc3 g5
28. Ne2 Nd5 29. Rf3 Qe8 30. Rxf8+ Qxf8 31. Qd3 a6 32. a4 axb5 33. axb5 Ra8 34.
Ned4 Qf7 35. h3 Qd7 36. Rd1 Nf4 37. Qb3 Qf7 38. Qe3 Kg8 39. Nf3 Nd5 40. Qd3 Rc8
41. Nfd4 Nf4 42. Qa3 Rc7 43. Qb3 Rd7 44. Nf3 Nd5 45. Ra1 Qg6 46. Nfd4 h5 47.
Qb1 Qf7 48. Ra3 Nf4 49. Re3 h4 50. Ne2 Qh5 51. Qc2 Nd5 52. Ra3 g4 53. hxg4 Qxg4
54. Ra4 Qg5 55. Qe4 Nc3 56. Nxc3 Qc1+ 57. Kh2 Qxc3 58. Rc4 Qb2 59. Qxh4 Qxb5
1/2-1/2

[Event "SR 3. liga A2 2013/2014"]
[Site "?"]
[Date "2013.11.10"]
[Round "3.2"]
[White "Kavon, Rastislav"]
[Black "Bisco, Igor"]
[Result "1-0"]
[WhiteElo "2026"]
[BlackElo "2086"]
[PlyCount "33"]
[EventDate "2013.??.??"]

1. e4 e5 2. Nf3 Nc6 3. Bc4 Nf6 4. d4 exd4 5. e5 d5 6. Bb5 Ne4 7. Nxd4 Bc5 8.
O-O O-O 9. Nxc6 bxc6 10. Bxc6 Qh4 11. Be3 d4 12. Bxd4 Rd8 13. c3 Nxf2 14. Rxf2
Rxd4 15. cxd4 Bg4 16. Qb3 Be6 17. Qc2 1-0

[Event "SR 3. liga A2 2013/2014"]
[Site "?"]
[Date "2013.11.10"]
[Round "3.2"]
[White "Hertel, Ondrej"]
[Black "Jablonicky, Martin"]
[Result "1-0"]
[WhiteElo "2055"]
[BlackElo "1967"]
[PlyCount "103"]
[EventDate "2013.??.??"]

1. d4 c5 2. d5 f5 3. c4 Nf6 4. Nc3 g6 5. g3 d6 6. Bg2 Bg7 7. Nf3 O-O 8. O-O Na6
9. Bd2 Nc7 10. Qc1 Re8 11. Bh6 Bh8 12. Nh4 Rb8 13. Qg5 Kf7 14. e4 fxe4 15. Nxe4
e6 16. Qf4 e5 17. Qd2 Nxe4 18. Bxe4 Bf6 19. Nf3 Bf5 20. Ng5+ Bxg5 21. Bxg5 Qd7
22. Rae1 b5 23. f4 Kg8 24. Bxf5 gxf5 25. fxe5 Rxe5 26. Rxe5 dxe5 27. Bf6 f4 28.
Bxe5 Rf8 29. Rxf4 Rxf4 30. Qxf4 Ne8 31. Qg5+ Kf7 32. Qh6 Qf5 33. Qf4 Qxf4 34.
Bxf4 bxc4 35. Be3 Nf6 36. Bxc5 Nxd5 37. Bxa7 Ke6 38. a3 Ke5 39. Kf2 Ke4 40. Ke2
h5 41. Bf2 c3 42. b4 Nf6 43. b5 Kd5 44. Kd3 Kd6 45. Bd4 Ng4 46. Kxc3 Nxh2 47.
a4 Nf1 48. Bf2 Kc7 49. a5 Nh2 50. a6 Ng4 51. Bd4 Nh6 52. b6+ 1-0

[Event "SR 3. liga A2 2013/2014"]
[Site "?"]
[Date "2013.11.10"]
[Round "3.2"]
[White "Jablonicky, Frantisek"]
[Black "Peska, Juraj"]
[Result "1-0"]
[WhiteElo "2146"]
[BlackElo "1926"]
[PlyCount "77"]
[EventDate "2013.??.??"]

1. Nf3 Nf6 2. d4 e6 3. c4 d5 4. g3 Be7 5. Bg2 O-O 6. O-O c5 7. cxd5 exd5 8. Nc3
Nc6 9. Bg5 Be6 10. dxc5 Bxc5 11. Bxf6 Qxf6 12. Nxd5 Qxb2 13. Nc7 Rad8 14. Qc1
Qxc1 15. Rfxc1 b6 16. Nxe6 fxe6 17. Rd1 Nd4 18. Nxd4 Bxd4 19. e3 Bc5 20. Be4 h6
21. Bc2 Kf7 22. Kg2 Ke7 23. Bb3 Rd6 24. Rxd6 Bxd6 25. Rc1 Bc5 26. Rc4 e5 27.
Re4 Kf6 28. f4 exf4 29. gxf4 g5 30. Re6+ Kg7 31. Kg3 Bxe3 32. Re7+ Kh8 33. fxg5
Bxg5 34. Rxa7 Be3 35. h3 Re8 36. Kg4 Re4+ 37. Kf5 Re8 38. Kg6 Rg8+ 39. Bxg8 1-0

[Event "SR 3. liga A2 2013/2014"]
[Site "?"]
[Date "2013.11.10"]
[Round "3.2"]
[White "Drgon, Matus"]
[Black "Kucharek, Jaroslav"]
[Result "0-1"]
[WhiteElo "1712"]
[BlackElo "2074"]
[PlyCount "78"]
[EventDate "2013.??.??"]

1. d4 Nf6 2. c4 g6 3. Nc3 Bg7 4. f3 O-O 5. e4 d6 6. Be3 b6 7. Qd2 c5 8. d5 Nbd7
9. O-O-O a6 10. g4 Ne5 11. h4 b5 12. h5 Qa5 13. a3 Bd7 14. hxg6 fxg6 15. Bh6
Rf7 16. Bxg7 Rxg7 17. Be2 Rb8 18. Nh3 b4 19. Nb1 Qa4 20. Rdg1 Qb3 21. Qc2 bxa3
22. Nxa3 Nxf3 23. Rg3 Qxc2+ 24. Nxc2 Ne5 25. Nf2 Rf7 26. Rh2 Rbf8 27. Rgg2 g5
28. Ne1 Kg7 29. Kc2 h6 30. Ned3 Nxc4 31. Nd1 Nb6 32. Nc3 c4 33. Nb4 Na4 34.
Nxa6 Nxc3 35. Kxc3 Nxe4+ 36. Kxc4 Rf4 37. Kb3 Nf6 38. Nc7 Rb8+ 39. Ka3 Ra4# 0-1

[Event "SR 3. liga A2 2013/2014"]
[Site "?"]
[Date "2013.11.10"]
[Round "3.2"]
[White "Mackovic, Matus"]
[Black "Gajarsky, Roman"]
[Result "1/2-1/2"]
[WhiteElo "1913"]
[BlackElo "1797"]
[PlyCount "67"]
[EventDate "2013.??.??"]

1. e4 e6 2. d4 d5 3. Nd2 c5 4. exd5 exd5 5. dxc5 Bxc5 6. Nb3 Bb6 7. Nf3 Nc6 8.
Bd3 Qe7+ 9. Be2 Be6 10. O-O Nf6 11. Bg5 h6 12. Bxf6 Qxf6 13. c3 O-O 14. Nfd4
Rac8 15. Rc1 Nxd4 16. Nxd4 Bxd4 17. Qxd4 Qxd4 18. cxd4 Rxc1 19. Rxc1 Rc8 20.
Rxc8+ Bxc8 21. Bf3 Be6 22. Kf1 g5 23. g3 Kf8 24. Ke2 Ke7 25. Ke3 Kd6 26. h4 a5
27. Be2 Bd7 28. Bd3 b5 29. hxg5 hxg5 30. f4 f6 31. Kf3 b4 32. f5 a4 33. b3 a3
34. g4 1/2-1/2

[Event "SR 3. liga A2 2013/2014"]
[Site "?"]
[Date "2013.11.10"]
[Round "3.2"]
[White "Janas, Peter"]
[Black "Jakubec, Milan"]
[Result "0-1"]
[WhiteElo "1707"]
[BlackElo "2084"]
[PlyCount "110"]
[EventDate "2013.??.??"]

1. Nf3 d5 2. d4 Nf6 3. c4 e6 4. Nc3 Nbd7 5. e3 b6 6. Qa4 Bb7 7. Ne5 a6 8. Nc6
Qc8 9. cxd5 exd5 10. Ne5 Bd6 11. Nxd7 Nxd7 12. Bd3 b5 13. Qc2 Nf6 14. Bf5 Qd8
15. a3 O-O 16. Ne2 g6 17. Bh3 Ne4 18. g3 Ng5 19. Bg2 Qf6 20. O-O Nf3+ 21. Kh1
g5 22. Ng1 Nxg1 23. Kxg1 h5 24. b3 Rae8 25. Bb2 Qe6 26. Qc3 f5 27. Rfe1 Kh7 28.
Qc2 Kh6 29. Qd2 Kg6 30. Qc2 Rh8 31. Rab1 Kf7 32. f4 g4 33. Qd3 Rh6 34. Kf2 h4
35. Rh1 h3 36. Bf1 c5 37. Rg1 c4 38. Qd2 Qe4 39. Be2 Rhe6 40. bxc4 dxc4 41. Ba1
Bd5 42. Qc3 Qxe3+ 43. Qxe3 Rxe3 44. Rge1 Rxa3 45. Bb2 Ra2 46. Bc1 b4 47. Be3 b3
48. Ra1 Bb4 49. Red1 Rxa1 50. Rxa1 a5 51. Bc1 c3 52. Bd3 Kf6 53. Ba3 b2 54.
Bxb2 cxb2 55. Rb1 Bc3 0-1

[Event "SR 3. liga A2 2013/2014"]
[Site "?"]
[Date "2013.11.10"]
[Round "3.2"]
[White "Hirmajer, Jan"]
[Black "Tupy, Bystrik"]
[Result "1-0"]
[WhiteElo "1957"]
[BlackElo "1798"]
[PlyCount "122"]
[EventDate "2013.??.??"]

1. c4 c5 2. Nc3 Nc6 3. g3 g6 4. Bg2 Bg7 5. Nf3 Nf6 6. e3 O-O 7. O-O d5 8. cxd5
Nxd5 9. Nxd5 Qxd5 10. Nd4 Qd6 11. Nxc6 bxc6 12. Qa4 Bd7 13. Qc2 Rab8 14. Rb1
Bf5 15. e4 Be6 16. b3 f5 17. d3 Rfd8 18. Rd1 Bd4 19. Bh6 Rb7 20. Bf4 Qd7 21.
Rbc1 fxe4 22. dxe4 Bg4 23. Rd2 e5 24. Be3 Rc8 25. Qc4+ Qe6 26. Qc2 Rd7 27. Qd3
Rcd8 28. Rcc2 Bxe3 29. Qxe3 Rxd2 30. Rxd2 Rxd2 31. Qxd2 Qd7 32. Qxd7 Bxd7 33.
f4 exf4 34. gxf4 Kf7 35. Kf2 Be6 36. Ke3 Ke7 37. Bf1 a5 38. Kd2 Kd6 39. h4 Bg4
40. Bc4 Bh3 41. Bg8 h6 42. Bf7 Be6 43. Bxg6 c4 44. bxc4 Bxc4 45. a3 c5 46. Ke3
Bb3 47. Be8 Ke6 48. Kd3 Kd6 49. Bb5 Bf7 50. Bc4 Be8 51. e5+ Kc6 52. f5 Bh5 53.
Ke4 Kd7 54. Kd5 Bg4 55. f6 Ke8 56. Kxc5 h5 57. Kb5 a4 58. Kxa4 Bd7+ 59. Bb5 Kd8
60. Bxd7 Kxd7 61. Kb5 Ke6 1-0

[Event "SR 3. liga A2 2013/2014"]
[Site "?"]
[Date "2013.11.10"]
[Round "3.3"]
[White "Schmikli, Laszlo"]
[Black "Veselsky, Jozef"]
[Result "0-1"]
[WhiteElo "2244"]
[BlackElo "2160"]
[PlyCount "42"]
[EventDate "2013.??.??"]

1. e4 c5 2. c3 Nf6 3. d3 Nc6 4. f4 d6 5. Nf3 g6 6. g3 Bg7 7. Bg2 O-O 8. O-O c4
9. e5 dxe5 10. fxe5 Ng4 11. d4 Qb6 12. a4 Bf5 13. h3 Ngxe5 14. Nxe5 Bxe5 15.
Bxc6 Qxc6 16. dxe5 Bxh3 17. Rf2 Rad8 18. Qe2 Rd3 19. Be3 Qe4 20. Bd4 Rxg3+ 21.
Kh2 Qh4 0-1

[Event "SR 3. liga A2 2013/2014"]
[Site "?"]
[Date "2013.11.10"]
[Round "3.3"]
[White "Pribila, Gerhard"]
[Black "Takacs, Laszlo"]
[Result "0-1"]
[WhiteElo "2076"]
[BlackElo "2130"]
[PlyCount "92"]
[EventDate "2013.??.??"]

1. Nf3 Nf6 2. c4 g6 3. b4 a5 4. b5 Bg7 5. Bb2 O-O 6. g3 d5 7. cxd5 Nxd5 8. Bxg7
Kxg7 9. Bg2 Nd7 10. O-O N7f6 11. Qc2 Bd7 12. a4 Rc8 13. Qb2 Kg8 14. Ne5 c6 15.
Nxd7 Qxd7 16. Na3 Qg4 17. d3 Qxa4 18. bxc6 Qxc6 19. Nc4 b6 20. Qe5 Rfd8 21.
Rab1 Qc5 22. h3 a4 23. Nxb6 Nc3 24. Qxc5 Rxc5 25. Ra1 Nxe2+ 26. Kh2 Rxd3 27.
Rxa4 Rc2 28. Rc4 Ra2 29. Ra4 Rc2 30. Rc4 Rb2 31. Na4 Ra2 32. Nc5 Rdd2 33. Ne4
Nxe4 34. Rxe4 e6 35. Re3 Kg7 36. Bf3 Nd4 37. Kg2 f5 38. Ree1 Ra3 39. Bb7 Nc2
40. Rxe6 Ne3+ 41. Rxe3 Rxe3 42. Bf3 Rb3 43. Rd1 Rdb2 44. Rd7+ Kh6 45. h4 Rc3
46. h5 Rcc2 0-1

[Event "SR 3. liga A2 2013/2014"]
[Site "?"]
[Date "2013.11.10"]
[Round "3.3"]
[White "Frank, Jozsef"]
[Black "Ambros, Rafael"]
[Result "1-0"]
[WhiteElo "2098"]
[BlackElo "2009"]
[PlyCount "89"]
[EventDate "2013.??.??"]

1. e4 c5 2. c3 Nf6 3. d3 g6 4. f4 Bg7 5. e5 Nd5 6. Nf3 O-O 7. Be2 Nc6 8. O-O b6
9. Qb3 e6 10. d4 cxd4 11. cxd4 Bb7 12. Nc3 Nxc3 13. bxc3 d5 14. exd6 Qxd6 15.
Ba3 Qxf4 16. Bxf8 Bxf8 17. Qc2 Rc8 18. Qd3 Bd6 19. Rae1 Rc7 20. Bd1 Nb8 21. Ne5
Qh4 22. Rf2 f6 23. g3 Qg5 24. Nf3 Qa5 25. Rxe6 Rxc3 26. Qe2 Qb4 27. Bb3 Kg7 28.
Qb2 Nc6 29. Ne1 Qxd4 30. Rxd6 Rxg3+ 31. hxg3 Qxd6 32. Qc3 Nd8 33. Ng2 Ba6 34.
Rd2 Qe7 35. Qe3 Qc7 36. Nf4 g5 37. Ne6+ Nxe6 38. Bxe6 Qc1+ 39. Kh2 Kh6 40. g4
Qc7+ 41. Qg3 Qc1 42. Qh3+ Kg7 43. Rd7+ Kf8 44. Qh6+ Ke8 45. Qh5+ 1-0

[Event "SR 3. liga A2 2013/2014"]
[Site "?"]
[Date "2013.11.10"]
[Round "3.3"]
[White "Kocak, Branislav"]
[Black "Ivan, Imrich"]
[Result "0-1"]
[WhiteElo "1912"]
[BlackElo "2071"]
[PlyCount "108"]
[EventDate "2013.??.??"]

1. d4 e6 2. c4 Nf6 3. Nc3 d5 4. Bg5 Be7 5. e3 O-O 6. Nf3 c6 7. Ne5 Ne4 8. Bxe7
Qxe7 9. Bd3 f5 10. O-O Nd7 11. f4 Nxe5 12. fxe5 Bd7 13. Bxe4 fxe4 14. cxd5 cxd5
15. Qd2 Qg5 16. Rxf8+ Rxf8 17. Rf1 Rxf1+ 18. Kxf1 h5 19. Qf2 b5 20. a3 a5 21.
Na2 b4 22. axb4 Bb5+ 23. Ke1 Bc4 24. Nc1 axb4 25. b3 Bb5 26. Qd2 Qe7 27. Na2
Qf8 28. Qf2 Qa8 29. Qd2 Bd3 30. Nxb4 Qa1+ 31. Qd1 Qc3+ 32. Qd2 Qxb3 33. Kf2 Bb5
34. h4 Qb1 35. Nc2 Qf1+ 36. Kg3 Qf5 37. Qf2 Qg4+ 38. Kh2 Bd3 39. Ne1 Kh7 40. g3
Qd1 41. Ng2 Be2 42. Qe1 Qc2 43. Qf2 Qc4 44. Nf4 Bg4 45. Nh3 Kg6 46. Ng5 Bf5 47.
Nh3 Qc1 48. Nf4+ Kh6 49. Ng2 Bg4 50. Ne1 Qd1 51. Kg2 Kg6 52. Kh2 Bf3 53. Kh3
Kf5 54. Ng2 Qh1# 0-1

[Event "SR 3. liga A2 2013/2014"]
[Site "?"]
[Date "2013.11.10"]
[Round "3.3"]
[White "Csefalvay, Stefan"]
[Black "Brunovsky, Peter"]
[Result "0-1"]
[WhiteElo "1852"]
[BlackElo "1829"]
[PlyCount "70"]
[EventDate "2013.??.??"]

1. d4 Nf6 2. Nf3 g6 3. e3 Bg7 4. Bd3 d5 5. Nbd2 O-O 6. O-O Bg4 7. h3 Bxf3 8.
Nxf3 Nbd7 9. b3 Re8 10. Bb2 e6 11. c4 c6 12. Qe2 Rc8 13. Rac1 Qc7 14. g3 Qb8
15. Kg2 a6 16. Rc2 Nh5 17. g4 Nhf6 18. Rfc1 Bf8 19. c5 Bg7 20. b4 Ne4 21. Bxe4
dxe4 22. Nd2 f5 23. Nc4 Rcd8 24. Nd6 Re7 25. Rd1 Nf6 26. Rg1 Nd5 27. Qd2 Kh8
28. Kf1 Bf8 29. Rg2 Rg7 30. Nc4 Be7 31. g5 Rf8 32. Ne5 Bd8 33. a3 Bc7 34. Ke1
Rd8 35. h4 Bxe5 0-1

[Event "SR 3. liga A2 2013/2014"]
[Site "?"]
[Date "2013.11.10"]
[Round "3.3"]
[White "Valla, Tomas"]
[Black "Vizvari, Ludovit"]
[Result "0-1"]
[WhiteElo "1814"]
[BlackElo "1996"]
[PlyCount "98"]
[EventDate "2013.??.??"]

1. e4 c5 2. c3 d5 3. exd5 Qxd5 4. d4 e6 5. Nf3 Qd8 6. Be3 cxd4 7. Nxd4 Nf6 8.
Bb5+ Bd7 9. O-O Be7 10. c4 O-O 11. Nc3 a6 12. Qa4 Qc7 13. h3 Rc8 14. Rac1 axb5
15. Qxa8 Na6 16. Qa7 Bc5 17. Ndxb5 Bxa7 18. Nxc7 Bxe3 19. fxe3 Nxc7 20. Rfd1
Kf8 21. Rd2 Ke7 22. Kf1 Bc6 23. a4 Na6 24. b3 Nc5 25. Rb1 Nfe4 26. Nxe4 Nxe4
27. Rdb2 Rd8 28. Rc1 Rd3 29. Ke2 Nc5 30. b4 Nxa4 31. Kxd3 Nxb2+ 32. Kc3 Na4+
33. Kb3 Nb6 34. g3 Bg2 35. h4 f5 36. Kc3 e5 37. Rd1 Nc8 38. Rd2 Bf3 39. Rf2 Be4
40. Rd2 Bf3 41. Rf2 Be4 42. Rd2 g6 43. Ra2 Bf3 44. Ra5 Ke6 45. Ra8 Nd6 46. Kd3
b5 47. Ra6 bxc4+ 48. Kc3 Bb7 49. Ra5 Bc6 0-1

[Event "SR 3. liga A2 2013/2014"]
[Site "?"]
[Date "2013.11.10"]
[Round "3.3"]
[White "Feher, Tibor"]
[Black "Zajicek, Ferdinand"]
[Result "1/2-1/2"]
[WhiteElo "1815"]
[BlackElo "1823"]
[PlyCount "50"]
[EventDate "2013.??.??"]

1. e4 c5 2. Nf3 d6 3. d4 cxd4 4. Nxd4 Nc6 5. Be3 g6 6. Nc3 Bg7 7. Qd2 Bd7 8.
Bb5 Nf6 9. f3 O-O 10. O-O-O a6 11. Nxc6 Bxc6 12. Bxc6 bxc6 13. Bh6 Qb6 14. Bxg7
Kxg7 15. Qd4 Rab8 16. Qxb6 Rxb6 17. Rhe1 Nd7 18. b3 f6 19. Na4 Rb7 20. c4 Rfb8
21. Kc2 Kf7 22. Re2 Rb4 23. Nb2 a5 24. Nd3 R4b7 25. Rb1 Rb6 1/2-1/2

[Event "SR 3. liga A2 2013/2014"]
[Site "?"]
[Date "2013.11.10"]
[Round "3.3"]
[White "Kanka, Tomas"]
[Black "Szabo, Julius"]
[Result "1-0"]
[WhiteElo "1688"]
[BlackElo "1688"]
[PlyCount "97"]
[EventDate "2013.??.??"]

1. Nc3 e5 2. e4 Nc6 3. Nf3 Nf6 4. d4 exd4 5. Nxd4 Nxd4 6. Qxd4 h6 7. Bc4 d6 8.
O-O Be7 9. e5 dxe5 10. Qxe5 O-O 11. Rd1 Bd6 12. Qd4 Bg4 13. f3 Qe7 14. Be3 Bf5
15. Re1 Qd7 16. Rad1 Bxc2 17. Rd2 Bf5 18. Bxh6 Bxh2+ 19. Kxh2 Qxd4 20. Rxd4
gxh6 21. Rf4 Be6 22. Rxf6 Bxc4 23. Re4 Kg7 24. Rf5 Bd3 25. Rg4+ Kh7 26. Rf6 c6
27. Ne4 Bxe4 28. fxe4 Rg8 29. Rxf7+ Kh8 30. Rh4 Rg6 31. Rxb7 Rag8 32. g4 R8g7
33. Rb8+ Kh7 34. Kg3 Rf7 35. Re8 Rd6 36. Rh5 Rd3+ 37. Kh4 Kg7 38. Re6 Rf2 39.
Rhxh6 Rxb2 40. Kg5 Rb5+ 41. e5 Kf7 42. Rhf6+ Kg8 43. Kg6 Rb8 44. Rxc6 Rd7 45.
Rc5 Rg7+ 46. Kf5 Rb4 47. g5 Rb1 48. Rc8+ Kh7 49. Rh6# 1-0

[Event "SR 3. liga A2 2013/2014"]
[Site "?"]
[Date "2013.11.10"]
[Round "3.4"]
[White "Doucha, Ludvik"]
[Black "Liptak, Tomas"]
[Result "0-1"]
[WhiteElo "2039"]
[BlackElo "2108"]
[PlyCount "94"]
[EventDate "2013.??.??"]

1. e4 c5 2. c4 Nc6 3. Ne2 e5 4. Nbc3 g6 5. d3 Bg7 6. g3 d6 7. Bg2 Nge7 8. O-O
O-O 9. f4 a6 10. Rb1 Rb8 11. a3 b5 12. cxb5 axb5 13. b4 cxb4 14. axb4 Qb6+ 15.
Kh1 Bg4 16. h3 Be6 17. Nd5 Bxd5 18. exd5 Nd4 19. Nxd4 Qxd4 20. Bb2 Qb6 21. g4
Rbe8 22. f5 gxf5 23. gxf5 Bf6 24. Be4 Kh8 25. Qh5 Ra8 26. Bc1 Ng8 27. Rf3 Qd4
28. Be3 Qc3 29. Rff1 Ra2 30. Rfc1 Rc2 31. Rxc2 Qxc2 32. Rc1 Qb2 33. Rc7 Qxb4
34. Rc2 Qe1+ 35. Bg1 b4 36. Re2 Qd1 37. Qf3 Rb8 38. Qg2 b3 39. Rd2 Qc1 40. Rb2
Ne7 41. Qf2 Nc8 42. Bg2 e4 43. d4 e3 44. Qxe3 Qxb2 45. Qe8+ Kg7 46. Be3 Bxd4
47. f6+ Bxf6 0-1

[Event "SR 3. liga A2 2013/2014"]
[Site "?"]
[Date "2013.11.10"]
[Round "3.4"]
[White "Liptak, Dusan"]
[Black "Sturdik, Igor"]
[Result "1-0"]
[WhiteElo "2108"]
[BlackElo "2017"]
[PlyCount "53"]
[EventDate "2013.??.??"]

1. f4 d5 2. Nf3 c5 3. g3 Nc6 4. Bg2 Nf6 5. O-O h5 6. d3 Bf5 7. Nh4 Bd7 8. Nc3
d4 9. Ne4 Nxe4 10. dxe4 e5 11. e3 Be7 12. Nf5 Bf6 13. exd4 Bxf5 14. exf5 Qxd4+
15. Kh1 Qxd1 16. Rxd1 O-O 17. c3 Rfd8 18. Be3 exf4 19. gxf4 Ne7 20. Bxb7 Rxd1+
21. Rxd1 Rb8 22. Rd7 Nxf5 23. Bxc5 a5 24. Rc7 Bd8 25. Rc8 Rxc8 26. Bxc8 Bc7 27.
Bxf5 1-0

[Event "SR 3. liga A2 2013/2014"]
[Site "?"]
[Date "2013.11.10"]
[Round "3.4"]
[White "Bahna, Jan"]
[Black "Kovacocy, Pavel"]
[Result "1/2-1/2"]
[WhiteElo "1951"]
[BlackElo "2198"]
[PlyCount "224"]
[EventDate "2013.??.??"]

1. e4 g6 2. d4 Bg7 3. c3 d6 4. Bd3 Nd7 5. Ne2 Ngf6 6. O-O O-O 7. h3 e5 8. Be3
c5 9. d5 a6 10. a4 b6 11. c4 a5 12. Qc1 Kh8 13. Bh6 Bxh6 14. Qxh6 Ng8 15. Qe3
f5 16. f4 fxe4 17. Bxe4 Ngf6 18. Nd2 exf4 19. Nxf4 Ne5 20. b3 Ra7 21. Bc2 Rg7
22. Nf3 Re8 23. Nxe5 Rxe5 24. Qf3 Ng8 25. Rae1 Qe7 26. Qc3 Rxe1 27. Rxe1 Qf6
28. Qxf6 Nxf6 29. g4 Bd7 30. Kg2 Ng8 31. Kg3 Re7 32. Rxe7 Nxe7 33. Be4 Kg7 34.
h4 Kf6 35. Nd3 h6 36. Kf3 Ng8 37. Nf4 g5 38. hxg5+ hxg5 39. Nd3 Nh6 40. Nf2 Ke5
41. Bc2 Kd4 42. Bd1 Nf7 43. Ke2 Nh6 44. Kd2 Ke5 45. Ke3 Be8 46. Bc2 Bd7 47. Bd1
Nf7 48. Ne4 Bc8 49. Be2 Bb7 50. Bf3 Bc8 51. Be2 Bd7 52. Bd1 Nh6 53. Nf2 Kf6 54.
Ne4+ Ke7 55. Nf2 Ng8 56. Be2 Nf6 57. Bd1 Be8 58. Bc2 Nd7 59. Bf5 Ne5 60. Ne4
Bd7 61. Bxd7 Kxd7 62. Nxg5 Nxg4+ 63. Kf4 Nf2 64. Kf5 Nd3 65. Ne4 Ke7 66. Kg6
Nc1 67. Nd2 Ne2 68. Kg7 Nd4 69. Kg8 Nf5 70. Ne4 Nh4 71. Kg7 Nf3 72. Kg8 Nd4 73.
Nd2 Nf5 74. Ne4 Nh6+ 75. Kg7 Ng4 76. Kg6 Ne5+ 77. Kg7 Nf3 78. Kg8 Nd4 79. Nd2
Ne2 80. Ne4 Nc1 81. Nd2 Nd3 82. Ne4 Nb2 83. Kg7 Nd1 84. Kg8 Ne3 85. Kg7 Nf5+
86. Kg6 Nd4 87. Nd2 Ne2 88. Kg7 Ng3 89. Kg6 Ne2 90. Kg7 Nf4 91. Ne4 Ng2 92. Kg6
Ne3 93. Kg7 Ng4 94. Kg6 Ne5+ 95. Kg7 Nd3 96. Kg6 Nc1 97. Nd2 Ne2 98. Kg7 Ng3
99. Kg6 Ne2 100. Kg7 Nf4 101. Ne4 Nh3 102. Kg6 Ng1 103. Kg7 Nf3 104. Kg6 Ne1
105. Kg7 Nf3 106. Kg6 Ne5+ 107. Kg7 Ng4 108. Kg6 Ne3 109. Kg7 Nf5+ 110. Kg6 Nd4
111. Nd2 Nc2 112. Kg7 Ne3 1/2-1/2

[Event "SR 3. liga A2 2013/2014"]
[Site "?"]
[Date "2013.11.10"]
[Round "3.4"]
[White "Cechovic, Stefan"]
[Black "Kolenak, Matus"]
[Result "1-0"]
[WhiteElo "2140"]
[BlackElo "1949"]
[PlyCount "105"]
[EventDate "2013.??.??"]

1. Nf3 Nf6 2. b3 d5 3. Bb2 e6 4. e3 Bd6 5. d4 O-O 6. Bd3 b6 7. c4 c5 8. O-O
Nbd7 9. Nc3 Bb7 10. Rc1 Rc8 11. Qe2 Ne4 12. Rfd1 Qe7 13. cxd5 exd5 14. Ba6 Ndf6
15. dxc5 Rxc5 16. Nxe4 Nxe4 17. Bxb7 Qxb7 18. Bd4 Rxc1 19. Rxc1 Rc8 20. Qb2
Rxc1+ 21. Qxc1 Qc7 22. Qxc7 Bxc7 23. Kf1 f6 24. Ke2 Kf7 25. h3 Ke6 26. Ne1 Be5
27. Nc2 g6 28. f3 Ng3+ 29. Kd3 Nf5 30. g4 Nh4 31. f4 Bd6 32. Bc3 Nf3 33. Ke2
Nh4 34. Be1 Ng2 35. Bf2 g5 36. Kf3 Nh4+ 37. Bxh4 gxh4 38. Nd4+ Kd7 39. Nf5 Kc6
40. Ke2 Bc5 41. Nxh4 Kb5 42. Nf5 Kb4 43. Kd3 Ka3 44. g5 Kxa2 45. Kc2 a5 46.
gxf6 b5 47. f7 a4 48. bxa4 b4 49. Nd4 Bxd4 50. f8=Q b3+ 51. Kd2 b2 52. Qb4 Bf6
53. Kc2 1-0

[Event "SR 3. liga A2 2013/2014"]
[Site "?"]
[Date "2013.11.10"]
[Round "3.4"]
[White "Krist, Milan"]
[Black "Sarmir, Milos"]
[Result "0-1"]
[WhiteElo "1946"]
[BlackElo "2075"]
[PlyCount "146"]
[EventDate "2013.??.??"]

1. d4 Nf6 2. Nf3 e6 3. c4 d5 4. Nc3 Be7 5. Bg5 h6 6. Bh4 O-O 7. e3 Nbd7 8. Be2
dxc4 9. Bxc4 b6 10. O-O Bb7 11. Rc1 a6 12. Qe2 Ne8 13. Bg3 Bd6 14. Rfd1 Bxg3
15. hxg3 Qe7 16. a3 Nd6 17. Ba2 Rac8 18. d5 e5 19. e4 g6 20. Nh4 Kg7 21. Bb1
Nc5 22. Bc2 a5 23. Nf3 Ba6 24. Qe1 Bc4 25. Nd2 Nd3 26. Bxd3 Bxd3 27. Nf1 Bc4
28. Ne3 Bb3 29. Rd2 f5 30. exf5 gxf5 31. Re2 Rce8 32. f4 a4 33. Qf2 Rf7 34.
Rce1 e4 35. Nc2 Kh7 36. Nd4 Bc4 37. Re3 Qf6 38. Nc6 Rg7 39. Ne5 Rxe5 40. fxe5
Qxe5 41. Rc1 Bxd5 42. Nxd5 Qxd5 43. Rec3 c5 44. Qf1 Qd4+ 45. Qf2 Qe5 46. Qf4
Qd4+ 47. Qf2 Nb5 48. Rc4 Qe5 49. Qf4 Qxf4 50. gxf4 Nd4 51. Kf2 Ne6 52. g3 Rd7
53. Ke1 Rd3 54. R4c3 b5 55. Rxd3 exd3 56. Kd2 c4 57. Re1 Nc5 58. Re5 Ne4+ 59.
Kd1 b4 60. axb4 a3 61. bxa3 c3 62. Rd5 d2 63. b5 Nxg3 64. b6 Nf1 65. Rxd2 Ne3+
66. Ke2 cxd2 67. Kxd2 Nc4+ 68. Ke2 Nxb6 69. Kf3 Kg6 70. Kg3 Kf6 71. Kh4 Nd5 72.
Kg3 Ke6 73. a4 Kd6 0-1

[Event "SR 3. liga A2 2013/2014"]
[Site "?"]
[Date "2013.11.10"]
[Round "3.4"]
[White "Markuliak, Mario"]
[Black "Bukovsky, Milan"]
[Result "1/2-1/2"]
[WhiteElo "1819"]
[BlackElo "1930"]
[PlyCount "75"]
[EventDate "2013.??.??"]

1. c4 Nf6 2. Nc3 c5 3. g3 Nc6 4. Bg2 g6 5. Nf3 d5 6. cxd5 Nxd5 7. Nxd5 Qxd5 8.
O-O Bg7 9. d3 O-O 10. Nd2 Qd7 11. Ne4 b6 12. Nc3 Bb7 13. Qa4 Rfd8 14. Bf4 Nd4
15. Qxd7 Rxd7 16. Rac1 Bxg2 17. Kxg2 Rad8 18. Be3 Nf5 19. g4 Nxe3+ 20. fxe3 Bh6
21. Nd1 e5 22. Rc4 Rf8 23. e4 Bf4 24. Nc3 f5 25. exf5 gxf5 26. gxf5 Rxf5 27.
Kh1 Rh5 28. Rf2 Rd6 29. Rg2+ Rg6 30. Nd5 Rxg2 31. Kxg2 Rxh2+ 32. Kf3 Bh6 33.
Re4 Bg7 34. Ne7+ Kf7 35. Nc6 Ke6 36. Nxa7 Rh1 37. b4 Ra1 38. bxc5 1/2-1/2

[Event "SR 3. liga A2 2013/2014"]
[Site "?"]
[Date "2013.11.10"]
[Round "3.4"]
[White "Mosny, Jaroslav"]
[Black "Vlkovic, Pavol"]
[Result "1-0"]
[WhiteElo "1916"]
[BlackElo "1819"]
[PlyCount "69"]
[EventDate "2013.??.??"]

1. d4 g6 2. e4 d6 3. Nf3 Bg7 4. Nc3 c6 5. Bd3 Nf6 6. Be3 O-O 7. Qd2 b5 8. h3 a5
9. O-O b4 10. Ne2 Ba6 11. a3 Bxd3 12. Qxd3 Na6 13. Nd2 Nd7 14. c3 bxc3 15. bxc3
Qc7 16. Rab1 Rfb8 17. Rxb8+ Naxb8 18. Rb1 Ra6 19. Bg5 e5 20. Be3 Rb6 21. Nc4
Rxb1+ 22. Qxb1 d5 23. Nd2 Nb6 24. dxe5 N8d7 25. f4 dxe4 26. Qxe4 Nd5 27. Bf2
Qb7 28. c4 Ne7 29. Qd3 Bf8 30. Ne4 Nf5 31. g4 Ng7 32. N2c3 Bxa3 33. Qxd7 Qb2
34. Qd8+ Bf8 35. Nf6+ 1-0

[Event "SR 3. liga A2 2013/2014"]
[Site "?"]
[Date "2013.11.10"]
[Round "3.4"]
[White "Hornak, Pavol"]
[Black "Hagara, Vladimir"]
[Result "0-1"]
[WhiteElo "1750"]
[BlackElo "1873"]
[PlyCount "80"]
[EventDate "2013.??.??"]

1. d4 Nf6 2. c4 g6 3. Nc3 d5 4. Qa4+ Bd7 5. Qb3 Bc6 6. Bf4 dxc4 7. Qxc4 Nbd7 8.
Nf3 Nb6 9. Qd3 Bxf3 10. gxf3 c6 11. Bg2 Bg7 12. e4 O-O 13. O-O Nh5 14. Be3 e5
15. d5 Nf4 16. Bxf4 exf4 17. Rad1 Bxc3 18. bxc3 cxd5 19. exd5 Qd6 20. Rfe1 Rac8
21. Re4 Rc5 22. c4 Rd8 23. Bf1 Rdc8 24. Qb3 R5c7 25. Rde1 Qf6 26. Qb4 Rf8 27.
Re8 Rc8 28. Rxf8+ Rxf8 29. d6 Qg5+ 30. Kh1 Rc8 31. Re4 Qf5 32. a4 Rc5 33. a5
Rxa5 34. Re8+ Kg7 35. Qc3+ Kh6 36. Re7 Rc5 37. Rxb7 Qe6 38. Qd4 Rg5 39. d7 Qe1
40. Qd3 Qxf2 0-1